000 00544nam a2200205 a 4500
001 001113022
003 AM-YeHGA
005 20250618074444.0
008 151113s1937 fr a r 000 0 fre d
040 _aAM-YeHGA
041 0 _afre
245 0 2 _aL'Illustration Exposition de Paris 1937 :
_bArts et techniques.
260 _aParis :
_bL'Illustration,
_c1937.
300 _a[124] p. :
_b[62] l. ill.
440 0 _aAlbum hors série
650 1 4 _aԱրվեստներ
_98485
650 1 4 _aTechniques
942 _2udc
_cBK
090 _c360127
999 _c358303
_d358303